| 000 | 00679nam a2200193 i 4500 | ||
|---|---|---|---|
| 001 | bg | ||
| 100 | 1 | _aGAWLAK, Grzegorz | |
| 245 | 0 |
_aSynteza zjawisk mechanicznych związanych z procesem wyrównoważania układów wirnikowych ze szczególnym uwzględnieniem ściernic / _cGrzegorz Gawlak. |
|
| 260 |
_aPoznań : _bWydaw. PP, _c1989. |
||
| 300 |
_a194 s. : _bfot., rys., wykr. ; _c24 cm. |
||
| 490 | 1 |
_aRozprawy / Politechnika Poznańska, _x0551-6528 ; _vnr 205 |
|
| 504 | _aBibliogr. s. 177-192. | ||
| 830 | 0 |
_aRozprawy (Politechnika Poznańska) ; _vnr 205 |
|
| 040 | _cBPK | ||
| 041 | _apol | ||
| 080 | _a621.92 | ||
| 942 | _cKS | ||
| 008 | s pl f |000 0 pol | ||
| 999 |
_c29009 _d29009 |
||
| 856 |
_uhttp://koha.tu.koszalin.pl/cgi-bin/koha/opac-detail.pl?biblionumber=29009 _yKatalog online BPK |
||